Mountains by Letter - Statistics

General Stats
  • This quiz has been taken 109 times
  • The average score is 11 of 26
Answer Stats
Hint Answer % Correct
F Mountain you can see from Tokyo Mt Fuji
96%
E Mountain with the highest point in the world Mt Everest
93%
B Tallest mountains in the Alps Mt Blanc
89%
D Another name for Mt McKinley Denali
88%
A Tallest mountain not in Asia Mt Aconcagua
81%
C Tallest mountain in New Zealand Mt Cook
76%
R Mountain you can see from Seattle Mt Rainier
65%
L Tallest mountain in Canada Mt Logan
63%
Y Super volcano in Wyoming Yellowstone Caldera
54%
H Mountain next to Portland Oregon Mt Hood
49%
M Tallest mountain base to summit Mauna Kea
48%
W Tallest mountain in the continental United States Mt Whitney
47%
T Tallest mountain on the Canary Mountain Tenerife
46%
Z Tallest mountain in Germany Zugspitze
39%
S Mountain also known as Mt Horeb Mt Sinai
30%
P One of the seven summits located in Indonesia Puncak Jaya
29%
J Mountain just to the north of Mt Washington Mt Jefferson
28%
V Tallest mountain in Antarctica Vinson Massif
25%
O Highest active volcano in the world Ojos del Salado
16%
G Tallest mountain in Bhutan Gangkhar Puensum
12%
K Tallest mountain in Australia (Country) Mt Kosciuzko
10%
N Mountain in Jordan where Moses granted a view of the Promised Land Mt Nebo
5%
Q Highest summit of the Tenmile range in the Rockies Mt Quandary
5%
I Mountain almost 7,500m tall in Tajikistan Ismoli Somoni Peak
2%
U Mountain in the Hindu Kush mountains Between Pakistan and Afghanistan Urden Zom
1%
X Mountain also known as Nevado de Toluca Xinantecatl
1%
No matching quizzes found
Score Distribution
Percent of People with Each Score
Percentile by Number Answered
Your Score History
You have not taken this quiz